| 000 | 00502nam a2200181Ia 4500 | ||
|---|---|---|---|
| 003 | IN-BaIIA | ||
| 008 | 211028s9999 xx 000 0 eng d | ||
| 040 | _cIIA Library | ||
| 080 |
_a521.1 _bPON-1 |
||
| 100 |
_aPontecoulant, G. de _91478 |
||
| 245 | 0 |
_aTheorie analytique du systeme du monde _btome premier (in French) _cG. de Pontecoulant |
|
| 260 |
_aParis _bBachelier _c1829 |
||
| 300 | _axxviiij, 508p. | ||
| 650 | _aArchives | ||
| 650 | _aAstrometry | ||
| 650 | _aCelestial Mechanics | ||
| 942 | _cBK | ||
| 999 |
_c686 _d686 |
||